书目信息 |
| 题名: |
高二化学辅导与练习
|
|
| 作者: | ;北京市海淀区教师进修学校 著 | |
| 分册: | 上册 | |
| 出版信息: | 重庆 重庆出版社 1983 |
|
| 页数: | 291页 | |
| 开本: | 19cm | |
| 丛书名: | ||
| 单 册: | ||
| 中图分类: | G634.8 , G633.8 | |
| 科图分类: | ||
| 主题词: | 化学--高中--教学参考资料 , 教育--各级 | |
| 电子资源: | ||
| ISBN: | ||
| 000 | 00835nam0 2200277 45 | |
| 001 | 0183009640 | |
| 005 | 20040509145327.0 | |
| 010 | @dCNY0.65 | |
| 091 | @a7114.31 | |
| 100 | @a19950706d1983 em y0chiy0121 ea | |
| 101 | 0 | @achi |
| 102 | @aCN@b510000 | |
| 105 | @ay q 000yy | |
| 106 | @ar | |
| 200 | 10 | @a高二化学辅导与练习@h上册@Agao er hua xue fu dao yu lian xi@f北京市海淀区教师进修学校著 |
| 210 | @a重庆@c重庆出版社@d1983 | |
| 215 | @a291页@d19cm | |
| 410 | @12001 @a中学理科学习指导丛书 | |
| 606 | @a化学@x高中@x教学参考资料 | |
| 606 | 0 | @a教育@x各级 |
| 690 | @aG634.8@v3 | |
| 690 | @aG633.8 | |
| 711 | 02 | @a北京市海淀区教师进修学校@Abei jing shi hai dian qu jiao shi jin xiu xue xiao@4著 |
| 801 | 0 | @aCN@b上海图书馆@c20040509 |
| 801 | 2 | @aCN@bNLC@c20040509 |
| 905 | @f2@b148851-852@f1@b148854@f1@dG633.8@e15:1 | |
| 高二化学辅导与练习.上册/北京市海淀区教师进修学校著.-重庆:重庆出版社,1983 |
| 291页;19cm |
| ISBN :CNY0.65 |
| ● |
| 相关链接 |
|
|
|
|
正题名:高二化学辅导与练习
索取号:G633.8/15:1
 
预约/预借
| 序号 | 登录号 | 条形码 | 馆藏地/架位号 | 状态 | 备注 |
| 1 | 0148851 | 000611984 | 密集书库/ [索取号:G633.8/15:1] | 在馆 | |
| 2 | 0148852 | 000611975 | 密集书库/ [索取号:G633.8/15:1] | 在馆 | |
| 3 | 0148854 | 001652161 | 密集书库/ [索取号:G633.8/15:1] | 在馆 | |
| 4 | 0148855 | 002066935 | 第一样本阅览室/ [索取号:G633.8/15:1] | 在馆 |